000 00322nam a22001337a 4500
008 181016b xxu||||| |||| 00| 0 eng d
020 _a9780805063196
041 _aeng
080 _a617
100 _a5
101 _aKIR
245 _aComplications A Surgeon Notes A Imperfect Science
_cAtul.G
942 _2udc
_cBK
999 _c49875
_d49875